Normal view
MARC view
- Rab Nawaz Chaudhry
Entry Personal Name
001 - CONTROL NUMBER
- control field: 63568
003 - CONTROL NUMBER IDENTIFIER
- control field: NUST
005 - DATE AND TIME OF LATEST TRANSACTION
- control field: 20210628203135.0
008 - FIXED-LENGTH DATA ELEMENTS
- fixed length control field: 210628|| aca||aabn | a|a d
040 ## - CATALOGING SOURCE
- Original cataloging agency: NUST
- Transcribing agency: NUST
100 ## - HEADING--PERSONAL NAME
- Personal name: Rab Nawaz Chaudhry
670 ## - SOURCE DATA FOUND
- Source citation: Work cat.: (NUST): Rab Nawaz Chaudhry, Terrorism or awakening, 2005
